| 000 | 00326 a2200097 4500 | ||
|---|---|---|---|
| 245 | 0 | 0 |
_aRysunek techniczny maszynowy - Oznaczanie chropowatoĊci i falistoĊci powierzchni PN-89/M-01146 / _cOBRPTiK. |
| 246 | 1 | 3 | _aPN-89/M-01146 |
| 246 | 1 | 3 | _a744.43.620.191.35 |
| 260 |
_aWarszawa : _bOBRPTiK, _c1989. |
||
| 300 |
_a10 stron ; _c30 cm. |
||
| 650 | _aPolska norma | ||
| 999 |
_c19865 _d19865 |
||